TOEFL iBT b reading

Nội dung nêu phương pháp học môn đọc hiểu với các dạng câu hỏi tương ứng giúp học sinh xác định phương pháp học tập.

Đã lưu trong:
书目详细资料
格式: 图书
语言:Undetermined
出版: Thành phố Hồ Chí Minh Tổng hợp Thành phố Hồ Chí Minh 2007
主题:
标签: 添加标签
没有标签, 成为第一个标记此记录!
Thư viện lưu trữ: Trung tâm Học liệu Trường Đại học Cần Thơ
LEADER 00809nam a2200205Ia 4500
001 CTU_196925
008 210402s9999 xx 000 0 und d
020 |c 76000 
082 |a 428.0076 
082 |b T641 
245 0 |a TOEFL iBT b reading 
245 0 |c Lê Huy Lâm (chuyển ngữ phần chú giải) 
260 |a Thành phố Hồ Chí Minh 
260 |b Tổng hợp Thành phố Hồ Chí Minh 
260 |c 2007 
520 |a Nội dung nêu phương pháp học môn đọc hiểu với các dạng câu hỏi tương ứng giúp học sinh xác định phương pháp học tập. 
650 |a English language,Anh ngữ 
650 |x Reading,Đọc hiểu 
904 |i Tuyến 
980 |a Trung tâm Học liệu Trường Đại học Cần Thơ